Vista normal
Vista MARC
Entrada Nombre personal
Número de registros utilizados en: 6
001 - NÚMERO DE CONTROL
- campo de control: 1841
003 - IDENTIFICADOR DEL NÚMERO DE CONTROL
- campo de control: BNPHU
005 - FECHA Y HORA DE LA ÚLTIMA TRANSACCIÓN
- campo de control: 20240305133652.0
008 - DATOS DE LONGITUD FIJA
- campo de control de longitud fija: 200615|| aca||aabn | a|a d
040 ## - FUENTE DE LA CATALOGACIÓN
- Centro catalogador/agencia de origen: DO-SdBNP
- Lengua de catalogación: spa
- Centro/agencia transcriptor: BNPHU
- Normas de descripción: rda
100 1# - ENCABEZAMIENTO-NOMBRE DE PERSONA
- Nombre de persona: Read Vittini, Mario,
- Fechas asociadas al nombre: 1926-2010
370 ## - LUGAR ASOCIADO
- Lugar de nacimiento: San Cristóbal (República Dominicana)
374 ## - OCUPACIÓN
- Ocupación: Abogado
- Ocupación: Embajador
375 ## - GÉNERO/SEXO
- Género/Sexo: Masculino
377 ## - LENGUA/LENGUAJE ASOCIADO
- Código del idioma: spa
400 1# - TRAZADO DE VÉASE--NOMBRE DE PERSONA
- Nombre de persona: Vittini, Mario Read
- Fechas asociadas al nombre: 1926-2010
400 1# - TRAZADO DE VÉASE--NOMBRE DE PERSONA
- Nombre de persona: Read, D. Mario
- Fechas asociadas al nombre: 1926-2010
670 ## - FUENTE DE DATOS ENCONTRADOS
- Cita de la fuente: Work cat.: (OSt)556: Read Vittini, Mario, 1926-2010, Trujillo de cerca /, 2007.
